Physical geology / (Record no. 69376)
[ view plain ]
| 000 -LEADER | |
|---|---|
| fixed length control field | 00780nam a2200253 a 4500 |
| 001 - CONTROL NUMBER | |
| control field | 69376 |
| 003 - CONTROL NUMBER IDENTIFIER | |
| rucl marc code | BD-RjUL |
| 005 - DATE AND TIME OF LATEST TRANSACTION | |
| control field | 20211209081858.0 |
| 008 - FIXED-LENGTH DATA ELEMENTS--GENERAL INFORMATION | |
| fixed length control field | 170411s1976 njuab b 001 0 eng |
| 020 ## - INTERNATIONAL STANDARD BOOK NUMBER | |
| International Standard Book Number | 0136696554 |
| 035 ## - SYSTEM CONTROL NUMBER | |
| System control number | (BD-RjUL)69587 |
| 040 ## - CATALOGING SOURCE | |
| Original cataloging agency | DLC |
| Transcribing agency | DLC |
| Modifying agency | BD-RjUL |
| Language of cataloging | eng |
| 041 ## - LANGUAGE CODE | |
| Language code of text/sound track or separate title | eng |
| 082 ## - DEWEY DECIMAL CLASSIFICATION NUMBER | |
| Edition number | 23 |
| Classification number | 551 |
| Author mark and year | JUP 1976 |
| 100 1# - MAIN ENTRY--PERSONAL NAME | |
| Personal name | Judson, Sheldon. |
| 9 (RLIN) | 202153 |
| 245 10 - TITLE STATEMENT | |
| Title | Physical geology / |
| Statement of responsibility, etc. | Sheldon Judson, Kenneth S. Deffeyes, Robert B. Hargraves. |
| 260 ## - PUBLICATION, DISTRIBUTION, ETC. (IMPRINT) | |
| Place of publication, distribution, etc. | Englewood Cliffs, N.J. : |
| Name of publisher, distributor, etc. | Prentice-Hall, |
| Date of publication, distribution, etc. | c1976. |
| 300 ## - PHYSICAL DESCRIPTION | |
| Pagination | xiii, 560 p. : |
| Illustrations | ill. ; |
| Size | 24 cm. |
| 504 ## - BIBLIOGRAPHY, ETC. NOTE | |
| Bibliography, etc | Includes bibliographies and index. |
| 650 #0 - SUBJECT ADDED ENTRY--TOPICAL TERM | |
| Topical term or geographic name as entry element | Physical geology. |
| 9 (RLIN) | 116492 |
| 700 1# - ADDED ENTRY--PERSONAL NAME | |
| Personal name | Deffeyes, Kenneth S. |
| Personal name | Hargraves, Robert B. |
| 942 ## - ADDED ENTRY ELEMENTS (KOHA) | |
| Source of classification or shelving scheme | Dewey Decimal Classification |
| Koha item type | Books |
| Lost status | Source of classification or shelving scheme | Damaged status | Not for loan | Collection code | Permanent Location | Current Location | Shelving location | Date acquired | Source of acquisition | Cost, normal purchase price | Total Checkouts | Full call number | Date last seen | Copy number | Koha item type |
|---|---|---|---|---|---|---|---|---|---|---|---|---|---|---|---|
| Dewey Decimal Classification | Not For Loan | Non-fiction | Central Library, University of Rajshahi | Central Library, University of Rajshahi | Reading Room | 22/01/1981 | W. Heffer and sons | 12.30 | 551 JUP 1976 | 11/04/2017 | C-1 | Books |